| 000 | 00586nam a2200169 4500 | ||
|---|---|---|---|
| 001 | 138440 | ||
| 003 | ES-MaACL | ||
| 005 | 20230906195551.0 | ||
| 007 | t| | ||
| 008 | 070214s1925 sp r ||||1| spa d | ||
| 100 | 1 |
_aDesio, José Antonio de Sangroniz y Castro, Marqués de, _d1899-1980 _9103145 |
|
| 245 | 1 | 3 |
_aLa expansión cultural de España en el extranjero y principalmente en Hispano-América / _cJosé Antonio de Sangróniz. |
| 260 |
_aMadrid ; _aCeuta : _bHércules, _c1925. |
||
| 300 |
_a302 p. ; _c18 x 13 cm. |
||
| 852 |
_aES-MaACL _jF-409 |
||
| 999 |
_c138440 _d138440 |
||